000 00868cam a22002771 4500
001 8705
003 BD-RjUL
005 20211208234633.0
008 190114s1962uuuunyua b 000 0 eng
035 _a(BD-RjUL)8750
035 _a(OCoLC)534584
040 _aDLC
_cODaWU
_dOCoLC
_dDLC
_dBD-RjUL
_beng
041 _aeng
082 0 0 _a530.12
_218
_bCHS 1962
100 1 _aChew, Geoffrey F.
_927089
245 1 0 _aS-matrix theory of strong interactions :
_ba lecture note and reprint volume /
_cGeoffrey F Chew.
260 _aNew York :
_bW. A. Benjamin,
_cc1962.
300 _a182 p. :
_billus. ;
_c23 cm.
490 1 _aFrontiers in physics; a lecture note and reprint series
504 _aIncludes bibliography.
650 0 _aMatrix mechanics.
_927090
830 0 _aFrontiers in physics.
_927094
942 _2ddc
_cBK
999 _c8705
_d8705